Statistiken für TOP 8 Rekordmeister der Fußball-Bundesliga

Klicken Sie hier um das Quiz zu spielen!

Allgemein

  • Dieses Quiz wurde 133 mal gespielt
  • Das Durchschnittsergebnis liegt bei 4 aus 8

Antwortstatistiken

# TitelFußball-Verein% Korrekt
32FC Bayern München
100%
5Borussia Dortmund
82%
5Borussia Mönchengladbach
56%
4SV Werder Bremen
43%
3Hamburger SV
29%
3VfB Stuttgart
29%
21. FC Kaiserslautern
20%
21. FC Köln
16%

Verteilung der Resultate

Perzentil nach korrekt beantworteten Fragen

Anzahl Personen mit jedem Resultat

Ihre Resultats-Entwicklung

Sie haben dieses Quiz noch nicht gespielt